| 000 | 01321nam a22002057a 4500 | ||
|---|---|---|---|
| 001 | 5656 | ||
| 003 | FISKH | ||
| 005 | 20250110130252.0 | ||
| 008 | 250109b cb ||||| |||| 00| 0 eng d | ||
| 020 | _a9780199126651 | ||
| 040 |
_aFISKH _beng _cFISKH _dFISKH |
||
| 082 | _a428.2 | ||
| 100 | _aRedford, Rachel | ||
| 245 |
_aEnglish : _bAn international approach 2 / _cby Rachel Redford |
||
| 260 |
_aOxford: _bOxford University Press ; _c2009. |
||
| 300 |
_a189 pages : _bcolor illustrations ; _c28 cm . |
||
| 520 | _aThis new course provides students and teachers with current, meaningful, and practical activities along a theme based approach to help students to develop skills, gain confidence and enjoy the study of English.Each book provides reading, writing, listening and speaking activities that support the development of skills, knowledge, values and attitudes. Students will find the content and activities motivating and relevant to many areas of their study. Each of the four books includes a CD for listeningskills and activities and offers suggestions for how to integrate English with other subjects.With internationally minded content and opportunities for enquiry based learning, this series provides lively and colourful resources for a wide range of students. | ||
| 942 |
_2ddc _cBK _n0 |
||
| 999 |
_c5656 _d5656 |
||